000
00278nam a2200097Ia 4500
082
_a
EF|SHAL
245
0
_a
Written in the stars
100
_a
Shale, Mokopi Cape Town, South Africa, 2012 1st ed
_9
57898
942
_c
BK
008
210817s9999 xx 000 0 und d
999
_c
181115
_d
181113